|
|
|
|
| LEADER |
00000nab a2200000 a 4500 |
| 001 |
vtls000502610 |
| 003 |
SK-MaSNL |
| 005 |
20260304094512.0 |
| 008 |
250425c1993 xo 0 slo |
| 015 |
|
|
|a SNBRB19rr/mm-uuuuu
|
| 035 |
|
|
|a CL0502748
|
| 035 |
|
|
|a (urnnbn)urn:nbn:sk:snk:ar-006i9u
|
| 035 |
|
|
|a (uuid)be720aa8-1f4e-4f1f-bc2d-96f81921428f
|
| 035 |
|
|
|a urn:nbn:sk:snk-ab85zz
|
| 040 |
|
|
|a SNKBUCL
|b slo
|c SNKBUCL
|e AACR2
|
| 041 |
0 |
|
|a eng
|
| 044 |
|
|
|a xo
|c SK
|
| 080 |
|
|
|a 539.43:539.388.1
|2 1981
|
| 080 |
|
|
|a 539.388.1
|2 1981
|
| 100 |
1 |
|
|a Šimončič, Miloš
|4 aut
|9 295611
|
| 245 |
1 |
0 |
|a Hyperbolically Shaped Fatigue Curves as an Alternative Substitution of Standard Fatigue Curves
|c Miloš Šimončič
|
| 300 |
|
|
|b Grafy 9, tab. 3, lit. 7 zázn. v angl.
|
| 500 |
|
|
|a Číslo čas. je v angl.
|
| 650 |
0 |
7 |
|a krivky únavové
|2 snkbucl
|9 991948
|
| 655 |
|
7 |
|a články z novín a časopisov
|2 snkbucl
|9 267496
|
| 773 |
0 |
|
|t Stavebnícky časopis
|g Roč. 41, č. 4 (1993), s. 287-303
|
| 850 |
|
|
|a Slovenská národná knižnica
|
| 852 |
|
|
|a Slovenská národná knižnica
|
| 958 |
|
|
|a article9
|
| 958 |
|
|
|a OND
|
| 958 |
|
|
|a NB
|
| 958 |
|
|
|a RK
|
| 958 |
|
|
|a EUIPO
|
| 992 |
|
|
|a RBX
|
| 999 |
|
|
|c 2827494
|d 2829424
|